| 000 | 00407cam a22001337a 4500 | ||
|---|---|---|---|
| 008 | 180718b1980 xxu||||| |||| 00| 0 eng d | ||
| 082 | _aC43x54 Ag15 | ||
| 100 | _aAgarwal, H.O. | ||
| 245 |
_aState succession: a study of Indian cases _cby H.O. Agarwal |
||
| 260 |
_aAllahabad _bAllahabad Law Agency _c1980 |
||
| 300 | _a131p. | ||
| 650 | _aState succession - India | ||
| 650 | _aFederal-state relations - India | ||
| 999 |
_c340648 _d340648 |
||